| 000 | 00766nam a22002417a 4500 | ||
|---|---|---|---|
| 005 | 20170124105911.0 | ||
| 010 | _aB-026760 | ||
| 020 |
_a780760992575 _c950.00 |
||
| 035 | _aB-026760 | ||
| 037 | _bCen Lib/Ret | ||
| 040 |
_aDPL _bEN |
||
| 082 |
_a302.23095 _bHAN |
||
| 245 |
_aHandbook of the media in Asia / _cedited by Shelton A. Gunaratne |
||
| 246 | _b | ||
| 260 |
_bSage Publications _c2000 _aNew Delhi |
||
| 270 |
_aM-32 Market, Greater Kailash, Part 1 _bNew Delhi _e110048 |
||
| 300 |
_aix, 722p. _c23cm(Hb) |
||
| 500 | _aincludes bibliographical references and index | ||
| 650 |
_aMass media _z Asia _vhandbooks _9928 |
||
| 650 |
_aMass media _vmanuals _zAsia _9929 |
||
| 650 |
_a _9107428 |
||
| 942 |
_2ddc _cEN _h302.23095 _mHAN |
||
| 999 |
_c122496 _d122496 |
||